000 00619nam a22002057a 4500
003 UA-OsUOA
001 7487
007 ta
008 20040622b un ||||| |||| 00| 0 ukr d
100 _aДзюн Окада
942 _cSA
040 _aUA-OsUOA
_bukr
_cUA-OsUOA
_dUA-OsUOA
245 _aДивовижний оркестр
_bОповідання. (З японської переклав Павло Басанський)
_cОкада Дзюн
300 _aС.29-31
955 _a0
041 _aukr
044 _aUA
773 0 _w0
_tВсесвіт
_dК.
_d2004
650 7 _aЛітературознавство
_2UDC
999 _c293648
_d293648